<?xml version="1.0" encoding="UTF-8"?>
<marc:record xmlns:marc="http://www.loc.gov/MARC21/slim">
   <marc:leader>00000nam a2200000 a 4500</marc:leader>
   <marc:datafield ind1="1" ind2=" " tag="100">
      <marc:subfield code="a">Hill, Nathan</marc:subfield>
      <marc:subfield code="4">aut</marc:subfield>
      <marc:subfield code="e">Verfasser/-in</marc:subfield>
   </marc:datafield>
   <marc:datafield ind1="0" ind2="0" tag="245">
      <marc:subfield code="a">Wellness</marc:subfield>
   </marc:datafield>
   <marc:datafield ind1="0" ind2="0" tag="245">
      <marc:subfield code="b">Roman</marc:subfield>
   </marc:datafield>
   <marc:datafield ind1="0" ind2="0" tag="245">
      <marc:subfield code="c">Hill, Nathan</marc:subfield>
   </marc:datafield>
   <marc:datafield ind1=" " ind2="1" tag="264">
      <marc:subfield code="a">München</marc:subfield>
      <marc:subfield code="b">Piper</marc:subfield>
      <marc:subfield code="c">2024</marc:subfield>
   </marc:datafield>
   <marc:datafield ind1="1" ind2=" " tag="520">
      <marc:subfield code="a">Lieben in modernen Zeiten – kühn, bewegend, klug&#xD;
Als Jack und Elizabeth 1993 ein Paar werden, spricht alles gegen sie. Doch der junge Fotograf mit den bäuerlichen Wurzeln und die Psychologiestudentin aus gutem Hause heiraten – und erleben in der vibrierenden Kunstszene Chicagos aufregende erste Jahre. Doch nicht alles läuft glatt. Inmitten von Achtsamkeitsseminaren, polyamourösen Bekanntschaften und schrillen Immobilienträumen droht ihre Ehe zu scheitern. Und schließlich müssen sich diese nicht mehr ganz so jungen Träumer den Dämonen ihrer Vergangenheit stellen, wenn sie nicht das Wertvollste verlieren wollen: einander. Von den Absurditäten moderner Technologie bis zur perfekten Kindererziehung legt Nathan Hill unser Leben bloß und stößt auf tiefe Wahrheiten über Liebe, Intimität und Nähe.</marc:subfield>
   </marc:datafield>
   <marc:datafield ind1=" " ind2=" " tag="020">
      <marc:subfield code="a">9783492072144</marc:subfield>
      <marc:subfield code="9">9783492072144</marc:subfield>
   </marc:datafield>
   <marc:datafield ind1=" " ind2=" " tag="020">
      <marc:subfield code="a">3492072143</marc:subfield>
      <marc:subfield code="9">3492072143</marc:subfield>
   </marc:datafield>
   <marc:datafield ind1=" " ind2=" " tag="041">
      <marc:subfield code="a">ger</marc:subfield>
   </marc:datafield>
   <marc:datafield ind1=" " ind2=" " tag="338">
      <marc:subfield code="a">Band</marc:subfield>
   </marc:datafield>
   <marc:datafield ind1=" " ind2=" " tag="300">
      <marc:subfield code="a">731 Seiten</marc:subfield>
   </marc:datafield>
</marc:record>
